00351nam a2200121Ia 4500003000900000008004100009040003300050041000800083080001200091245010000103260001100203300001500214LK-CoDNM010623t1969 xxu||||| |||| 00| 1 eng d aLK-CoDNMdLK-CoDNMeLK-CoDNM aeng a39bTHE aThe Department of Sociology and Anthropology of State University of New York at Albany Presents bc1969 b21p, 21 cm